Top 15 pucharu świata w skokach narciarskich 2019/20 - Statystyki

Ogólne statystyki
  • Ten quiz został rozwiązany 18 razy
  • Średni wynik to 14 z 15
Statystyki odpowiedzi
2019/20 % Poprawnych
3. 🇯🇵 Kobayashi
100%
1. 🇦🇹 Kraft
100%
4. 🇵🇱 Kubacki
100%
8. 🇸🇮 Prevc
100%
5. 🇵🇱 Stoch
100%
11. 🇵🇱 Żyła
100%
2. 🇩🇪 Geiger
93%
15. 🇸🇮 Lanišek
93%
13. 🇯🇵 Satō
93%
14. 🇸🇮 Zajc
93%
12. 🇳🇴 Forfang
87%
6. 🇩🇪 Leyhe
87%
7. 🇳🇴 Lindvik
80%
9. 🇳🇴 Tande
80%
10. 🇦🇹 Aschenwald
47%
Nie znaleziono quizów pasujących do podanych kryteriów
Rozkład punktacji
Procent ludzi z każdym wynikiem
Percentyl według liczby udzielonych odpowiedzi
Twoja historia wyników
Nie rozwiązałeś tego quizu